| 000 | 00588nam a2200181Ia 4500 | ||
|---|---|---|---|
| 008 | 230718s9999 xx 000 0 und d | ||
| 020 | _a9789332518414 | ||
| 041 | _aeng | ||
| 082 |
_a006.35 _bJUR |
||
| 100 |
_aJurafsky D. _9162542 |
||
| 245 |
_aSpeech And Language Processing _bAn Introduction To Natural Language Processing, Computational Lingusitics, And Speech Recognition |
||
| 250 | _a2nd ed. | ||
| 260 |
_c2014 _bPearson |
||
| 300 | _a940 | ||
| 365 |
_cRs. _b999.00 |
||
| 700 |
_aJurafsky D. & Martin J.H. _9196151 |
||
| 906 |
_dO:0510128-May-2016B:2202-May-2016 _cCOMP _b2077.92 |
||
| 999 |
_c342100 _d342100 |
||